LEADER 02276nam a2200397 u 4500 001 000000057831 003 CaOOAMICUS 005 20070226120626.0 008 010517s1995 it u000 u ita u 020 $a8810205626 035 $a10889274 040 $aPUL(R)$bita 041 1 $aita$alat$agrc 100 1 $aDenzinger, Heinrich Joseph Dominik,$d1819-1883.$0(OLS)http://pul/name/316 245 10$aEnchiridion symbolorum, definitionum et declarationum de rebus fidei et morum = :$b[Enchiridion delle professioni di fede, delle definizioni e dichiarazioni su questioni di fede e morale] : edizione bilingue /$cHeinrich Denzinger ; a cura di Peter Hürnemann. 246 31$aEnchiridion delle professioni di fede, delle definizioni e dichiarazioni su questioni di fede e morale 260 $aBologna :$bDehoniane,$cc1995. 300 $alxviii, 1851, 378 p. ;$c22 cm 490 1 $aStrumenti 500 $aTesto greco o latino e trad. italiana a fronte. 500 $a"Versione italiana a cura di Angelo Lanzoni e Giovanni Zaccherini, sulla 37a edizione (1a bilingue tedesca) curata e accresciuta da Peter Hünermann". 500 $aIndici: p. 284-378. 650 4$aConcili e sinodi.$0(OLS)http://pul/subject/1553 650 4$aSimboli di fede.$0(OLS)http://pul/subject/13175 700 1 $aZaccherini, Giovanni.$0(OLS)http://pul/name/40277 700 1 $aLanzoni, Angelo.$0(OLS)http://pul/name/40276 700 1 $aHürnemann, Peter.$0(OLS)http://pul/name/40275 830 0$aStrumenti (Edizioni Dehoniane).$0(OLS)http://pul/title/7348 850 $aPUL 852 $aPUL$W1$xSL Cons. Gen., Altre Classi 1$y1$m2016 A 21$j75562$nBK-PRI$b $qStampati$B75562$CPULBib$Z2$F75562 $81 941 1 $a8 961 $aINV: 73908 996 $6020$a8810205626$9(OLS)http://pul/number/73153 996 $6245$aEnchiridion symbolorum, definitionum et declarationum de rebus fidei et morum = :$b[Enchiridion delle professioni di fede, delle definizioni e dichiarazioni su questioni di fede e morale] : edizione bilingue$9(OLS)http://pul/title/77425 996 $6246$aEnchiridion delle professioni di fede, delle definizioni e dichiarazioni su questioni di fede e morale$9(OLS)http://pul/title/77426 996 $6260$aBologna :$bDehoniane$9(OLS)http://pul/publisher/48655 LEADER 01684nam a2200349 a 4500 001 000000138592 003 CaOOAMICUS 005 20140529115131.0 008 140529s2009 it af u000 u ita r 020 $a978-88-8265-542-6 040 $aPUL$bita 041 0 $aita$afre$arus 082 04$a322.1 111 2 $aSeminario internazionale di studi storici "Da Roma alla terza Roma"$n(14 :$d1994 :$cRoma e Mosca).$0(OLS)http://pul/name/89349 245 10$aLaicità tra diritto e religione da Roma a Costantinopoli a Mosca /$ca cura di Pierangelo Catalano e Paolo Siniscalco. 260 $aRoma :$b"L'Erma" di Bretschneider,$cİ2009. 300 $aXLIII, 236 p., [1] p. di tav. :$bill. ;$c24 cm 490 1 $aDa Roma alla Terza Roma.$aDocumenti e studi.$aStudi ;$v07 504 $aInclude bibliografia. 546 $aTesti in italiano, francese e russo. 650 4$aLaicismo.$0(OLS)http://pul/subject/33839 700 1 $aCatalano, Pierangelo.$0(OLS)http://pul/name/23567 700 1 $aSiniscalco, Paolo.$0(OLS)http://pul/name/6643 830 0$aDa Roma alla Terza Roma.$pDocumenti e studi.$pStudi ;$v07.$0(OLS)http://pul/title/145962 850 $aPUL 852 $aPUL$W1$xSL Diritto e Scienze Sociali 3$y79$m322. 1 CATPI 1$j159914$qDDC 21$q $B159412$CPULBib$Z2$F159412 $H124111 $81 941 1 $a9 996 $6020$a978-88-8265-542-6$9(OLS)http://pul/number/155388 996 $6082$a322.1$9(OLS)http://pul/classification/1681 996 $6245$aLaicità tra diritto e religione da Roma a Costantinopoli a Mosca$9(OLS)http://pul/title/175452 996 $6260$aRoma :$b"L'Erma" di Bretschneider$9(OLS)http://pul/publisher/48444